Statistics for Name of countries without the letter E

Click here to take the quiz!

General Stats

  • This quiz has been taken 2,692 times
    (1,977 since last reset)
  • The average score is 89 of 109

Answer Stats

Europe% Correct
China
94%
Russia
94%
Australia
93%
Norway
93%
Spain
93%
Finland
92%
Portugal
92%
Andorra
91%
Austria
91%
Canada
91%
India
91%
Albania
90%
Brazil
90%
Italy
90%
Japan
90%
Latvia
89%
Poland
88%
Fiji
87%
Iran
87%
Iraq
87%
Lithuania
87%
Pakistan
87%
Hungary
86%
Kazakhstan
86%
Oman
86%
Romania
86%
Vatican City
86%
Afghanistan
85%
Bulgaria
85%
Colombia
85%
Malta
85%
Monaco
85%
Morocco
85%
Slovakia
85%
South Africa
85%
Chad
84%
Croatia
84%
Cuba
84%
Haiti
84%
Kosovo
84%
Laos
84%
Paraguay
84%
San Marino
84%
South Sudan
84%
Sudan
84%
Uruguay
84%
Jordan
83%
Libya
83%
Panama
83%
Qatar
83%
Saudi Arabia
83%
Angola
82%
Honduras
82%
Jamaica
82%
Kyrgyzstan
82%
Togo
82%
Bahamas
81%
Barbados
81%
Bolivia
81%
Costa Rica
81%
Mali
81%
Moldova
81%
Palau
81%
Samoa
81%
Syria
81%
Tajikistan
81%
Tuvalu
81%
Antigua and Barbuda
80%
Bhutan
80%
Cambodia
80%
Guyana
80%
Kuwait
80%
Nauru
80%
Thailand
80%
Tonga
80%
Malaysia
79%
Marshall Islands
79%
Vanuatu
79%
Zambia
79%
Dominica
78%
Ghana
78%
Mongolia
78%
Nicaragua
78%
Tunisia
78%
Bahrain
77%
Kiribati
77%
Saint Lucia
77%
Solomon Islands
77%
Somalia
77%
Cyprus
76%
Djibouti
76%
Madagascar
76%
Rwanda
76%
Gambia
75%
Mauritania
75%
Mauritius
75%
Namibia
75%
Tanzania
75%
Trinidad and Tobago
75%
Uganda
75%
Botswana
74%
Comoros
74%
Myanmar
74%
Burundi
73%
Malawi
73%
Sri Lanka
73%
Taiwan
72%
Gabon
70%
Burkina Faso
66%

Score Distribution

Percentile by Number Answered

Percent of People with Each Score

Your Score History

You have not taken this quiz since the last reset